| 000 | 01116nam a22003131 4500 | ||
|---|---|---|---|
| 001 | 25445 | ||
| 003 | BD-RjUL | ||
| 005 | 20211209050900.0 | ||
| 008 | 140318s1956 caub b 001 0 eng d | ||
| 035 | _a(BD-RjUL)25515 | ||
| 035 | _a(OCoLC)00408318 | ||
| 040 |
_aDLC _cDLC _dm.c. _dBD-RjUL _beng |
||
| 041 | 1 |
_aeng _hchi |
|
| 082 | 0 | 4 |
_221 _a950.4 _bCHP 1956 |
| 100 | 1 |
_aChien-Nung, Li. _978234 |
|
| 245 | 1 | 4 |
_aThe political history of China, 1840-1928 / _cLi Chien-Nung ; translated and edited by Ssu-yu Teng and Jeremy Ingalls. |
| 260 |
_aStanford, Calif. : _bStanford University Press, _cc1956. |
||
| 300 |
_axii, 545 p. : _bmaps, _c22 cm. |
||
| 504 | _aBibliography: p. 515-528. and index. | ||
| 651 | 0 |
_aChina _xPolitics and government _y19th century. _978235 |
|
| 651 | 0 |
_aChina _xPolitics and government _y1912-1949. _978236 |
|
| 651 | 0 |
_aChina _xForeign relations. _978237 |
|
| 700 | 1 |
_aTeng, Ssu-yu. _d1906- _977491 |
|
| 700 | 1 |
_aIngalls, Jeremy, _d1911-2000. _978238 |
|
| 942 |
_2ddc _cBK |
||
| 999 |
_c25445 _d25445 |
||